Cơ sở vật lý hạt cơ bản
Vật lí hạt cơ bản, hình thức luận Lagrange; ma trận tán xạ; phản kỳ và phương pháp chỉnh thứ nguyên; lí thuyết tái chuẩn hoá; nhóm tái chuẩn hoá; lí thuyết trường chuẩn...
Tallennettuna:
| Päätekijä: | |
|---|---|
| Yhteisötekijä: | |
| Muut tekijät: | |
| Kieli: | Undetermined |
| Julkaistu: |
Hà Nội
Thống kê
2006
|
| Aiheet: | |
| Tagit: |
Lisää tagi
Ei tageja, Lisää ensimmäinen tagi!
|
| Thư viện lưu trữ: | Trung tâm Học liệu Trường Đại học Trà Vinh |
|---|
| LEADER | 00932nam a2200265Ia 4500 | ||
|---|---|---|---|
| 001 | TVU_6331 | ||
| 008 | 210423s9999 xx 000 0 und d | ||
| 041 | |a Vie | ||
| 082 | |a 539.720711 | ||
| 082 | |b L431 | ||
| 100 | |a Hoàng, Ngọc Long | ||
| 245 | 0 | |a Cơ sở vật lý hạt cơ bản | |
| 245 | 0 | |c Hoàng Ngọc Long | |
| 260 | |a Hà Nội | ||
| 260 | |b Thống kê | ||
| 260 | |c 2006 | ||
| 300 | |a 550 tr. | ||
| 300 | |b hình vẽ | ||
| 300 | |c 24 cm | ||
| 504 | |a Thư mục: tr.547-550 | ||
| 520 | |a Vật lí hạt cơ bản, hình thức luận Lagrange; ma trận tán xạ; phản kỳ và phương pháp chỉnh thứ nguyên; lí thuyết tái chuẩn hoá; nhóm tái chuẩn hoá; lí thuyết trường chuẩn... | ||
| 650 | |a Hạt (Vật lý hạt nhân) | ||
| 700 | |a Hoàng Ngọc Long | ||
| 710 | |a Viện Khoa học và Công nghệ Việt Nam | ||
| 980 | |a Trung tâm Học liệu Trường Đại học Trà Vinh | ||